| 000 | 01096nam a22003257a 4500 | ||
|---|---|---|---|
| 001 | BR8501718 | ||
| 003 | BR-BrBNA | ||
| 005 | 20230928092128.0 | ||
| 007 | ta | ||
| 008 | 230509b bl.||||| |||| 00| 0 por d | ||
| 040 |
_aBR-BrBNA _bpor _cBiblioteca Nacional de Agricultura |
||
| 041 | _a(Por) | ||
| 072 |
_aP33 _b/G514 |
||
| 090 | _ P33 BR8501718 | ||
| 100 | 1 | _aOmae, S. | |
| 110 | 1 |
_aEscola Superior de Agricultura Luiz de Queiroz, Piracicaba, SP (Brasil) _0Tese (Mestre em Agronomia) |
|
| 245 | 1 | _aAdsorcao de cadmio em solo podzolico vermelho amarelo-orto e glei humico da regiao do Vale Ribeira, Sao Paulo e terra roxa estruturada do municipio de Piracicaba, Sao Paulo [Brasil] | |
| 260 | 3 |
_aPiracicaba, SP (Brasil): _c1984. |
|
| 300 | _a54 p. | ||
| 500 | _a7 illus.; 5 tables; 22 ref.; Summaries (Eng, Por) | ||
| 650 | _aCADMIO | ||
| 650 | _aADSORCAO | ||
| 650 | _aPODZOLICO VERMELHO AMARELO | ||
| 650 | _aLATOSSOLO ROXO ESTRUTURADO | ||
| 650 | _aVALE DO RIBEIRA | ||
| 650 | _aPIRACICABA | ||
| 650 | _aSAO PAULO | ||
| 909 |
_a202309 _bLucia _c55 _dLucia Elande |
||
| 942 | _cBK | ||
| 999 |
_c37277 _d37277 |
||